ՀՀ Գիտությունների ազգային ակադեմիայի հիմնարար գիտական գրադարան  =   Fundamental Scientific Library of NAS RA

Поэтика русской советской прозы : (Record no. 155800)

MARC details
000 -LEADER
fixed length control field 00877nam a2200205 u 4500
001 - CONTROL NUMBER
control field 000409553
003 - CONTROL NUMBER IDENTIFIER
control field AM-YeHGA
005 - DATE AND TIME OF LATEST TRANSACTION
control field 20250617132722.0
008 - FIXED-LENGTH DATA ELEMENTS--GENERAL INFORMATION
fixed length control field 050214s1989 ||||||||||||||000|0|rus d
040 ## - CATALOGING SOURCE
Original cataloging agency AM-YeHGA
041 0# - LANGUAGE CODE
Language code of text/sound track or separate title rus
090 ## - LOCALLY ASSIGNED LC-TYPE CALL NUMBER (OCLC); LOCAL CALL NUMBER (RLIN)
-- 157199
245 00 - TITLE STATEMENT
Title Поэтика русской советской прозы :
Remainder of title Межвуз. науч. сб. /
Statement of responsibility, etc. Башк. гос. ун-т им. 40-летия Октября; Редкол.: В.С. Синенко (отв. ред.) и др.
260 ## - PUBLICATION, DISTRIBUTION, ETC.
Place of publication, distribution, etc. Уфа :
Name of publisher, distributor, etc. БГУ,
Date of publication, distribution, etc. 1989.
300 ## - PHYSICAL DESCRIPTION
Extent 121 с.
504 ## - BIBLIOGRAPHY, ETC. NOTE
Bibliography, etc. note Библиогр. в примеч. в конце ст.
653 0# - INDEX TERM--UNCONTROLLED
Uncontrolled term Русская советская литература - Сборники
700 1# - ADDED ENTRY--PERSONAL NAME
Personal name Синенко, Вера Сергеевна.
Relator term ред.
Relationship edt
710 2# - ADDED ENTRY--CORPORATE NAME
Corporate name or jurisdiction name as entry element Башкирский гос. ун-т им. 40-летия Октября
Holdings
Withdrawn status Lost status Damaged status Not for loan Collection Home library Current library Date acquired Total checkouts Full call number Barcode Date last seen Price effective from Koha item type Public note
        General Fundamental Scientific Library Fundamental Scientific Library 28/12/2016   882.09-3 120619898 28/12/2016 28/12/2016 Գրքեր / Books Two weeks Loan
        General Fundamental Scientific Library Fundamental Scientific Library 28/12/2016   Р2/600660 120600660 28/12/2016 28/12/2016 Գրքեր / Books 30 Days Loan


ՀՀ ԳԱԱ հիմնարար գիտական գրադարան
ՀՀ,Երևան 0019
Մարշալ Բաղրամյան 24/6
հեռախոս:(374-10) 52-47-50
Հետադարձ կապ

All site content, except where otherwise noted, is licensed under a
Creative Commons License